[Event "7th Paleochora Open 2014"]
[Site "Paleochora GRE"]
[Date "2014.07.28"]
[Round "9.17"]
[White "Tchantcev, Chaliko"]
[Black "Petrov, Marijan"]
[Result "0-1"]
[BlackTitle "GM"]
[WhiteElo "2216"]
[BlackElo "2438"]
[WhiteFideId "4136551"]
[BlackFideId "2901773"]
[EventDate "2014.07.21"]

1. Nf3 g6 2. d4 Bg7 3. c4 c5 4. d5 d6 5. Nc3 e6 6. e4 exd5 7. exd5 Ne7 8. h3 O-O
9. Be2 h6 10. O-O a6 11. Re1 g5 12. a4 Ng6 13. Ne4 f5 14. Ng3 g4 15. hxg4 fxg4
16. Nh2 Bd4 17. Rf1 Qh4 18. Ra3 h5 19. Ne4 Qe7 20. Ng3 Qe5 21. Nxh5 Qxh5 22.
Bxg4 Qh7 23. Bxc8 Rxc8 24. Rh3 Qf7 25. Ng4 Bg7 26. Bh6 Nd7 27. Rf3 Qe7 28. Re1
Nde5 29. Nxe5 Bxe5 30. Qb1 Qh7 31. Qf5 Qxh6 32. Qe6+ Kg7 33. Rxe5 Nxe5 34. Rg3+
Ng6 35. Qd7+ Kh8 36. Qxd6 Qc1+ 37. Kh2 Qf4 38. Qxg6 Rc7 39. Kg1 Qc1+ 40. Kh2
Rh7+ 0-1

[Event "7th Paleochora Open 2014"]
[Site "Paleochora GRE"]
[Date "2014.07.28"]
[Round "9.18"]
[White "Linhart, Wolfgang"]
[Black "Ahlander, Bjorn"]
[Result "1-0"]
[BlackTitle "IM"]
[WhiteElo "2154"]
[BlackElo "2426"]
[WhiteFideId "4636244"]
[BlackFideId "1700251"]
[EventDate "2014.07.21"]

1. d4 Nf6 2. Nf3 d6 3. c3 g6 4. Nbd2 Bg7 5. e4 O-O 6. Be2 b6 7. O-O Bb7 8. Qc2
c5 9. dxc5 bxc5 10. Re1 Nc6 11. Bf1 e6 12. Nb3 Qe7 13. h3 Nd7 14. a4 h6 15. a5
a6 16. Bf4 e5 17. Bg3 f5 18. exf5 gxf5 19. Bc4+ Kh8 20. Nh4 Qf6 21. Rad1 Ne7 22.
f3 h5 23. Qd2 d5 24. Nxc5 f4 25. Nxd7 Qg5 26. Nxf8 Qxg3 27. Nfg6+ Nxg6 28. Nxg6+
Qxg6 29. Bxd5 Bxd5 30. Qxd5 Rg8 31. Qe4 Qg5 32. Rd5 Bf6 33. Re2 Re8 34. Rd7 Bg7
35. Red2 Rb8 36. b4 Rc8 37. c4 Rb8 38. c5 Qh4 39. c6 Rxb4 40. Rd8+ Bf8 41. Qxe5+
Kg8 42. Qe6+ Kh7 43. R2d7+ Bg7 44. Rxg7+ Kxg7 45. Rg8+ 1-0

[Event "7th Paleochora Open 2014"]
[Site "Paleochora GRE"]
[Date "2014.07.28"]
[Round "9.19"]
[White "Naoum, Spyridon"]
[Black "Pap, Misa"]
[Result "0-1"]
[BlackTitle "GM"]
[WhiteElo "2162"]
[BlackElo "2514"]
[WhiteFideId "4227506"]
[BlackFideId "921610"]
[EventDate "2014.07.21"]

1. d4 f5 2. Bg5 g6 3. Nc3 Bg7 4. e4 fxe4 5. Nxe4 d5 6. Ng3 c5 7. Bd3 c4 8. Be2
Qb6 9. Nf3 Nc6 10. O-O Qxb2 11. Re1 Nf6 12. Rb1 Qa3 13. Bxc4 dxc4 14. d5 Nd8 15.
d6 Ne6 16. Nd4 Nxg5 17. Rxe7+ Kf8 18. Qe2 Qxd6 19. Rxg7 Kxg7 20. Rxb7+ Nf7 21.
Qxc4 Qd5 0-1

[Event "7th Paleochora Open 2014"]
[Site "Paleochora GRE"]
[Date "2014.07.28"]
[Round "9.20"]
[White "Pappelis, Dimitrios"]
[Black "Milosevic, Goran"]
[Result "1/2-1/2"]
[BlackTitle "IM"]
[WhiteElo "2070"]
[BlackElo "2364"]
[WhiteFideId "4215281"]
[BlackFideId "1304119"]
[EventDate "2014.07.21"]

1. c4 c5 2. Nf3 Nf6 3. g3 b6 4. Bg2 Bb7 5. O-O e6 6. Nc3 Be7 7. d4 cxd4 8. Qxd4
O-O 9. Rd1 Nc6 10. Qd2 Na5 11. b3 a6 12. Bb2 Qc7 13. Rac1 Rfd8 14. Na4 Ne4 15.
Qe3 Nc5 1/2-1/2

[Event "7th Paleochora Open 2014"]
[Site "Paleochora GRE"]
[Date "2014.07.28"]
[Round "9.22"]
[White "Kang, Chuanqi"]
[Black "Papadopoulos, Panayotis"]
[Result "1-0"]
[WhiteTitle "FM"]
[WhiteElo "2327"]
[BlackElo "1992"]
[WhiteFideId "8601453"]
[BlackFideId "4222636"]
[EventDate "2014.07.21"]

1. e4 c5 2. Nf3 g6 3. c4 Bg7 4. d4 cxd4 5. Nxd4 Nc6 6. Be3 Nf6 7. Nc3 Ng4 8.
Qxg4 Nxd4 9. Qd1 Ne6 10. Qd2 Qa5 11. Rc1 b6 12. b3 Bb7 13. Nd5 Qxd2+ 14. Kxd2
Rc8 15. Be2 Bd4 16. f3 d6 17. Kd3 Bxe3 18. Kxe3 Nd8 19. f4 Nc6 20. Nc3 e5 21.
Nb5 Ke7 22. Bg4 Rcd8 23. Rhf1 Rhf8 24. g3 a6 25. Nc3 Nd4 26. f5 h5 27. f6+ Ke8
28. Bh3 g5 29. Bf5 Bc8 30. Nd5 Bxf5 31. exf5 Rb8 32. Nc7+ Kd7 33. Nxa6 Ra8 34.
Nb4 Ra3 35. Rf2 Rfa8 36. Rc3 g4 37. Ke4 Nf3 38. Rcc2 Ng5+ 39. Ke3 Rg8 40. Nd5
Ra6 1-0

[Event "7th Paleochora Open 2014"]
[Site "Paleochora GRE"]
[Date "2014.07.28"]
[Round "9.25"]
[White "Hristodoulou, Panagiotis"]
[Black "Mihopoulos, Konstantinos"]
[Result "1/2-1/2"]
[WhiteElo "2242"]
[BlackElo "2034"]
[WhiteFideId "4214340"]
[BlackFideId "4217110"]
[EventDate "2014.07.21"]

1. e4 d6 2. d4 Nf6 3. Nc3 e5 4. dxe5 dxe5 5. Qxd8+ Kxd8 6. Bg5 Be6 7. g3 Kc8 8.
f4 Bb4 9. Bd3 exf4 10. gxf4 Re8 11. Nf3 Bxc3+ 12. bxc3 Nxe4 13. Bxe4 Bf5 14.
O-O-O Bxe4 15. Rhe1 f5 16. Ne5 b6 17. Rd4 Kb7 18. Bh4 1/2-1/2

[Event "7th Paleochora Open 2014"]
[Site "Paleochora GRE"]
[Date "2014.07.28"]
[Round "9.26"]
[White "Cafaro, Luca"]
[Black "Trufanov, Alexander G."]
[Result "1/2-1/2"]
[WhiteElo "2026"]
[BlackElo "2240"]
[WhiteFideId "859818"]
[BlackFideId "4167180"]
[EventDate "2014.07.21"]

1. e4 e5 2. Nf3 Nc6 3. Bc4 Bc5 4. O-O Nf6 5. d4 exd4 6. e5 d5 7. exf6 dxc4 8.
fxg7 Rg8 9. Re1+ Be6 10. Bg5 Be7 11. Bxe7 Kxe7 12. Nbd2 Qd5 13. Ne4 Rxg7 14. Qd2
Rag8 15. Ng3 Rg4 16. h3 R4g7 17. Qf4 Kd7 18. Rad1 Kc8 19. Nxd4 Nxd4 20. Rxd4 Qa5
21. Red1 Qg5 22. Qf3 Rg6 23. a4 h5 24. h4 Qc5 25. Qe3 Qa5 26. b3 cxb3 27. cxb3
c6 28. Qd3 Bg4 29. b4 Qe5 1/2-1/2

[Event "7th Paleochora Open 2014"]
[Site "Paleochora GRE"]
[Date "2014.07.28"]
[Round "9.27"]
[White "Skagseth, Havard M"]
[Black "Mihajlov, Sebastian"]
[Result "1/2-1/2"]
[BlackTitle "CM"]
[WhiteElo "1946"]
[BlackElo "2227"]
[WhiteFideId "1511572"]
[BlackFideId "1512110"]
[EventDate "2014.07.21"]

1. e4 e5 2. Nf3 Nc6 3. Bb5 a6 4. Ba4 Nf6 5. O-O b5 6. Bb3 Bb7 7. c3 Nxe4 8. d4
exd4 9. Re1 d5 10. Ng5 Qf6 11. Bxd5 Qxf2+ 12. Kh1 O-O-O 13. Nxe4 Qf5 14. c4 bxc4
15. Bxc4 Ne5 16. Ng3 Qf2 17. Ne4 Qf5 18. Ng3 Qh3 1/2-1/2

[Event "7th Paleochora Open 2014"]
[Site "Paleochora GRE"]
[Date "2014.07.28"]
[Round "9.28"]
[White "Liodakis, Konstantinos-Spyros"]
[Black "Stefanatos, Nikolaos"]
[Result "1-0"]
[WhiteElo "2177"]
[BlackElo "1891"]
[WhiteFideId "4217136"]
[BlackFideId "4223101"]
[EventDate "2014.07.21"]

1. Nf3 d5 2. d4 Nf6 3. c4 e6 4. Nc3 Be7 5. cxd5 exd5 6. Bg5 O-O 7. Qc2 c6 8. e3
Ne4 9. Bxe7 Qxe7 10. Bd3 Re8 11. O-O Bf5 12. Rae1 Nd7 13. Nd2 Nxd2 14. Qxd2 Bxd3
15. Qxd3 Nf6 16. f3 Rad8 17. a3 Qd6 18. Rd1 Re7 19. e4 Qf4 20. e5 Ne8 21. g3 1-0

[Event "7th Paleochora Open 2014"]
[Site "Paleochora GRE"]
[Date "2014.07.28"]
[Round "9.29"]
[White "Chetrari, Nikita"]
[Black "Zoldan, Matteo"]
[Result "1/2-1/2"]
[BlackTitle "CM"]
[WhiteElo "1907"]
[BlackElo "2207"]
[WhiteFideId "13904647"]
[BlackFideId "805319"]
[EventDate "2014.07.21"]

1. e4 c5 2. Nf3 d6 3. d4 cxd4 4. Nxd4 Nf6 5. Nc3 g6 6. Be3 a6 7. f3 Bg7 8. Qd2
b5 9. a4 bxa4 10. Rxa4 Nbd7 11. Nb3 O-O 12. Be2 Nb6 13. Ra3 Qc7 14. O-O Nc4 15.
Bxc4 Qxc4 16. Qf2 Rb8 17. Ba7 Rb4 18. Na2 Rb5 19. Na5 Qc7 20. b4 d5 21. exd5
Rxd5 22. c4 Rh5 23. g3 e5 24. Bb6 Qd7 25. Nc3 Re8 26. Re1 e4 27. Nxe4 Rxe4 28.
fxe4 Ng4 29. Qf3 Bd4+ 30. Bxd4 Qxd4+ 31. Rae3 Rxh2 32. Nc6 Qb2 33. R3e2 Rxe2 34.
Qxe2 Qc3 35. Kg2 Be6 36. Ne7+ Kf8 37. Nd5 Qe5 38. Qd2 h5 39. Qc3 Qxc3 40. Nxc3
Bxc4 41. Na4 Ne5 42. Nc5 Ke7 43. Ra1 Nc6 44. Nxa6 Bxa6 45. Rxa6 Nxb4 46. Rb6 Nd3
47. Kf3 Ne5+ 48. Kf4 f6 49. Ra6 Ng4 50. Kf3 Kf7 51. Kf4 Ke7 52. Ra7+ Ke6 1/2-1/2

[Event "7th Paleochora Open 2014"]
[Site "Paleochora GRE"]
[Date "2014.07.28"]
[Round "9.30"]
[White "Dorfanis, Ilarion"]
[Black "Qwarfort, Fredrik"]
[Result "1-0"]
[WhiteElo "2162"]
[BlackElo "1911"]
[WhiteFideId "4204298"]
[BlackFideId "1701860"]
[EventDate "2014.07.21"]

1. e4 d6 2. d4 Nf6 3. Nc3 g6 4. Bg5 Bg7 5. Qd2 c6 6. f4 Qa5 7. Nf3 Bg4 8. Be2
Nbd7 9. e5 dxe5 10. fxe5 Nd5 11. Nxd5 Qxd5 12. c4 Qe6 13. d5 cxd5 14. cxd5 Qb6
15. Be3 Qd8 16. e6 fxe6 17. Ng5 h6 18. Bxg4 hxg5 19. Bxe6 Be5 20. O-O-O Kf8 21.
Bxg5 Kg7 22. Kb1 Bf6 23. h4 Nc5 24. Bxf6+ exf6 25. Qf4 Qe7 26. Rhe1 Rae8 27. g3
Rhf8 28. g4 Nxe6 29. Rxe6 Qd7 30. Rxe8 Rxe8 31. d6 Re6 32. a3 a6 33. h5 Re8 34.
hxg6 Re5 35. Rh1 Kg8 36. Qxf6 Qf5+ 37. gxf5 1-0